000 01305cam a2200373 a 4500
001 5524
003 FISKH
005 20241216141831.0
008 100312s2010 nyua c 000 1 eng
010 _a 2010004964
020 _a9780375964602 (library bdg.)
020 _a9780375864605 (trade)
020 _a9780375895845 (ebook)
020 _a9780375857928 (pbk.)
040 _aDLC
_cDLC
_dDLC
_beng
050 _aPZ7.A48
082 _a813.54
100 1 _aAlvarez, Julia.
245 1 0 _aHow Tía Lola learned to teach /
_cJulia Alvarez.
260 _aNew York :
_bScholastic,
_c2001
300 _a147 pages :
_c20 cm
490 0 _aT́ía Lola stories
520 _aJuanita and Miguel's great aunt, Tía Lola, comes from the Dominican Republic to help take care of them after their parents divorce, and soon she is so involved in their small Vermont community that when her visa expires, the whole town turns out to support her.
650 1 _aGreat-aunts
_vFiction.
650 1 _aDominican Americans
_vFiction.
650 1 _aFamily life
_vFiction.
650 1 _aCommunity life
_vFiction.
650 1 _aSchools
_vFiction.
650 1 _aDivorce
_vFiction.
651 1 _aVermont
_vFiction.
906 _a7
_bcbc
_corignew
_d1
_eecip
_f20
_gy-gencatlg
942 _2ddc
_cBK
_n0
999 _c5524
_d5524